History Quiz

Random History or Clickable Quiz

World War I Presidents Quiz Stats

 Plays Quiz Updated Jan 20, 2021

Support Sporcle.
Go Orange.
Score 0/14 Timer 02:00
0 Plays Today
% Correct
Franklin D. Roosevelt
92.2%
Dwight D. Eisenhower
90.4%
Harry S. Truman
87.6%
Herbert Hoover
86.4%
Calvin Coolidge
81.9%
Woodrow Wilson
81.8%
Theodore Roosevelt
79.1%
% Correct
Lyndon B. Johnson
77.8%
Richard Nixon
73%
Ronald Reagan
69.6%
John F. Kennedy
67.4%
Warren G. Harding
65.8%
William H. Taft
65.6%
Gerald Ford
58.7%

From the Vault

Anything but Yemen

by Flick

Yemen is ready to share the spotlight.
Remove Ads.
Support Sporcle.
Get the best of Sporcle when you Go Orange. This ad-free experience offers more features, more stats, and more fun while also helping to support Sporcle. Thank you for becoming a member.

Show Comments

Extras

Top Quizzes Today


Score Distribution

Your Account Isn't Verified!

In order to create a playlist on Sporcle, you need to verify the email address you used during registration. Go to your Sporcle Settings to finish the process.

Report this User

Report this user for behavior that violates our Community Guidelines.

Details: